00565cam a22001333u 4500082001800000100002500018245020800043260003100251300001100282500003300293526003700326650000800363856006000371 a954.0357bWIL1 aWilliams, Rushbrook.10aIndia in 1921-22 :bA Report Prepared for Presentation to Parliament in Accordance with the Requirements of the 26th Section of the Government of India Act (5 & 6 Geo. V, Chap. 61) /cRushbrook Williams. aINDIAbGOVT OF INDIAc1922 a368P.: aTitle from content provider. a0b0c0d954_035700000000000_WIL aMCE40uhttp://www.columbia.edu/cgi-bin/cul/resolve?clio8956937